00598nam a2200181Ia 450000500170000000800410001708200130005810000180007124500600008926000410014930000130019050000620020370000180026570000150028394200060029895200970030499900150040120240605032031.0240331s9999 xx 000 0 und d bTALa370 aFuglesang, A, 0aTalkshops :bredd barna learning to talk with the young aColombo bRedd Barna Sri Lankac1989 a104, p., aThis is the first report from Redd Barna's youth project. aFuglesang, A, aChandler,D cL 001040708LaWERCLbWERCLcSSCd2024-03-31l0o 370.11 TALp757r2024-03-31w2024-03-31yL c2936d2936